00973nam a22002657a 45000010005000000030006000050050017000110080041000280200018000690400029000870820010001161000023001262450052001492600038002013000052002395050008002915200153002995210029004525210020004816500024005016500025005259420015005509990015005659520127005809090FISKH20251119123512.0251119b cb ||||| |||| 00| 0 eng d a9780545549448 aFISKHbengcFISKHdFISKH a557.3 aHutchins, Jeannie  aAll around our country / cby Jeannie Hutchins  aNew York : bScholastic , c2012. a16 pages : bcolor illustraions ;c19 X 21 cm.  aE  aSimple text and photographs explore the beauty and diversity of the United States, including its forests, deserts, beaches, marshes, and mountains. 8 a200 bLexile estimate 8 aE bRaz-Plus  aRiver vNon-fiction aForest vNon-fiction 2ddccBKn0 c9090d9090 00102ddc40708NFICa002b002cTTP Dark Greend2025-11-19l0oHUT 557.3pFISTK02683r2025-11-19 12:35:09w2025-11-19yBK